000 00653na a2200205 4500
001 22757
003 MIRAKIL
005 20181213155224.0
008 170224b tu 000 0
040 _aMilas
_btur
_cTR-AnCHP
041 _atur
090 _aGENÇLİK KOLLARI ÜYE ÇİZELGESİ
245 _aGençlik Kolları üye çizelgeleri
_b12 Kasım 2015
500 _aÖzel saklama ortamı gerektirir
500 _aCHP Gençlik Kollarının il ve ilçe üye çizelgeleri
610 _aCHP
_xSeçimler, 2015
_yListeler
610 _aCHP
_bGençlik Kolları
_xÜyeler
_yListeler
942 _2ddc
_cBKS
999 _c8776
_d8776